| 000 | 00766nam a2200253 i 4500 | ||
|---|---|---|---|
| 003 | DO-SdBNP | ||
| 005 | 20260202132806.0 | ||
| 007 | ta | ||
| 008 | 260202s2009 dr o 000 0 spa d | ||
| 020 | _a9789968611336 | ||
| 040 |
_aDO-SdBNP _bspa _cBNPHU _erda |
||
| 041 | _aspa | ||
| 082 |
_axxxx _bE825 _222 |
||
| 100 | _911765 | ||
| 245 | 1 | 0 |
_aEstudio regional acerca del marco legal en derecho laboral y el estado actual de los derechos laborales : _bCentroamérica y República Dominicana |
| 264 | 1 |
_aSan José : _bIIDH, _c2009 |
|
| 300 |
_a78 páginas ; _c29 cm. |
||
| 336 |
_2rdacontent _atexto _btxt |
||
| 337 |
_2rdamedia _asin mediación _bn |
||
| 338 |
_2rdacarrier _avolumen _bnc |
||
| 590 | _aInventariado, 2026/DG | ||
| 910 | _aDG | ||
| 942 |
_2ddc _cLBS1 |
||
| 999 |
_c60180 _d60180 |
||